000 01051nam a2200289 a 4500
001 66889
003 BD-RjUL
005 20211209081606.0
008 170320s1974 ne a b 000 0 eng
035 _a(BD-RjUL)67020
040 _aDLC
_cDLC
_dBD-RjUL
_beng
041 _aeng
082 0 0 _a631.7
_223
_bMAS 1974
100 1 _aMakkink, G. F.
_q(Gerrit François),
_d1907-2006.
_9198056
245 1 0 _aSimulation of the water balance of arable land and pastures /
_cG. F. Makkink and H. D. J. van Heemst.
260 _aNew Delhi :
_bOxford & IBH publishing co.,
_cc1974
300 _avii, 79 p. :
_bill. ;
_c20 cm.
490 0 _aSimulation monographs
504 _aBibliography: p. 76-78.
650 0 _aWater balance (Hydrology)
_xMathematical models.
_9198057
650 0 _aWater balance (Hydrology)
_xData processing.
_9198058
650 0 _aSoil moisture
_xMathematical models.
_9198059
650 0 _aSoil moisture
_xData processing.
_9198060
700 1 _aHeemst, H. D. J. van,
_9198061
830 _aSimulation monographs
_9226224
942 _2ddc
_cBK
999 _c66889
_d66889